| 000 | 00713nam a2200241 i 4500 | ||
|---|---|---|---|
| 003 | DO-SdBNP | ||
| 005 | 20241011094217.0 | ||
| 007 | ta | ||
| 008 | 240411s2001 dr 000 p spa d | ||
| 020 | _a993420115 | ||
| 040 |
_aDO-SdBNP _bspa _cBNPHU _erda |
||
| 082 |
_bG216u _222 |
||
| 100 | 1 |
_aGarcía, José Enrique, _d1948- _eautor _922487 |
|
| 245 | 1 | 3 |
_aUn pueblo llamado pan : _by otros cuentos infantiles / _cJosé Enrique García |
| 264 |
_aSanto Domingo : _bManatí, _c2001 |
||
| 300 |
_a61 páginas _c29 cm. |
||
| 336 |
_2rdacontent _atexto _btxt |
||
| 337 |
_2rdamedia _asin mediación _bn |
||
| 338 |
_2rdacarrier _avolumen _bnc |
||
| 590 | _aInventariado, 2024 / DG | ||
| 910 | _aDG | ||
| 942 |
_2ddc _cLBS1 |
||
| 999 |
_c57823 _d57823 |
||